[Event "Santo Domingo Provincial-ch"]
[Site "Santo Domingo"]
[Date "2018.11.24"]
[Round "3"]
[White "Barjan Pinedo, Jose Antonio"]
[Black "Martinez Mateo, Arthur"]
[Result "1-0"]
[WhiteElo "2073"]
[BlackElo "1844"]
[PlyCount "55"]
[EventDate "2018.11.23"]
[EventType "swiss"]
[EventRounds "7"]
[EventCountry "DOM"]
[SourceTitle "CBM 187 Extra"]
[Source "ChessBase"]
[SourceDate "2018.11.04"]
[SourceVersion "1"]
[SourceVersionDate "2018.11.04"]
[SourceQuality "1"]

1. e4 c5 2. Nf3 Nc6 3. d4 cxd4 4. Nxd4 g6 5. c4 Bg7 6. Be3 Nf6 7. Nc3 0-0 8. Be2 d6 9. 0-0 Bd7 10. Qd2 Nxd4 11. Bxd4 Bc6 12. f3 Qd7 13. Rac1 b6 14. Kh1 Rac8 15. b3 Rfd8 16. Nd5 Ne8 17. Bxg7 Kxg7 18. Bd3 e6 19. Qb2+ Kg8 20. Ne3 f5 21. Rcd1 Qg7 22. Qf2 Nf6 23. exf5 gxf5 24. Bxf5 exf5 25. Nxf5 Qc7 26. Qh4 Kf7 27. Qg5 Ne8 28. Nh6+ 1-0

[Event "Santo Domingo Duarte Memorial 6th"]
[Site "Santo Domingo"]
[Date "2017.01.28"]
[Round "3"]
[White "Martinez Mateo, Arthur"]
[Black "Mejia, Juan Alberto"]
[Result "1/2-1/2"]
[WhiteElo "1683"]
[BlackElo "1859"]
[PlyCount "95"]
[EventDate "2017.01.27"]
[EventType "swiss"]
[EventRounds "8"]
[EventCountry "DOM"]
[SourceTitle "CBM 176 Extra"]
[Source "ChessBase"]
[SourceDate "2017.03.02"]
[SourceVersion "1"]
[SourceVersionDate "2017.03.02"]
[SourceQuality "1"]

1. Nf3 d5 2. d4 Nf6 3. c4 e6 4. e3 Be7 5. Nc3 0-0 6. Qc2 b6 7. Be2 Bb7 8. 0-0 Nbd7 9. cxd5 exd5 10. Rd1 Re8 11. a3 Bf8 12. b4 c6 13. Bb2 Bd6 14. Bd3 Nf8 15. Rac1 Qe7 16. Qb3 Rad8 17. Ne2 Bb8 18. Ng3 Ng4 19. Bf5 Nf6 20. Qc2 Ng6 21. Ng5 Nf8 22. Bd3 h6 23. Nf3 Ng4 24. b5 Rc8 25. Bf5 Nf6 26. Bxc8 Rxc8 27. bxc6 Rxc6 28. Qa4 Re6 29. Ne5 Ne4 30. Qb3 Qf6 31. Nxe4 dxe4 32. Rc2 Qh4 33. h3 Ng6 34. Rdc1 Nxe5 35. dxe5 Bxe5 36. Bxe5 Rxe5 37. Kh2 Bd5 38. Qc3 Rh5 39. Qe1 Be6 40. Qf1 Qf6 41. f4 exf3 42. Qxf3 Rf5 43. Qg3 h5 44. Rd2 h4 45. Qb8+ Kh7 46. Rd4 Qg5 47. Rg4 Qh6 48. Re1 1/2-1/2